000
00329nam a2200133Ia 4500
100
_a
Bell/R;Lowth/A.C.Shelley/R.S
942
_c
BK
654
_a
Motors
245
_a
The Application of Stepping Motors to Machine tools
260
_b
Machinery Publication & co
_a
London
082
_a
621.9
300
_a
120
546
_a
ENGLISH
999
_c
30591
_d
30591